=LDR 00000nam 2200000 4500 =001 INLIS00000000000028 =005 20260702043538 =020 ##$$a 979-788-246-2 =082 ##$$a 027.043 =100 1#$$a Harry Freitag Lm, S.Gz., Dietisien =245 1 $$a Cerdas Meramu Makanan Pendamping Asi /$c Harry Freitag Lm, S.Gz., Dietisien =300 ##$$a 60 hlm ; 13 x 19 cm